Philosophy of biology / (Record no. 3117)
[ view plain ]
| 000 -LEADER | |
|---|---|
| fixed length control field | 00558nam a22001932 4500 |
| 001 - CONTROL NUMBER | |
| control field | 0000006382 |
| 005 - DATE AND TIME OF LATEST TRANSACTION | |
| control field | 20151217145832.0 |
| 008 - FIXED-LENGTH DATA ELEMENTS--GENERAL INFORMATION | |
| fixed length control field | 071024s xx 000 0 eng d |
| 020 ## - INTERNATIONAL STANDARD BOOK NUMBER | |
| International Standard Book Number | 1573921858 : |
| Terms of availability | KES 3800 |
| 040 ## - CATALOGING SOURCE | |
| Original cataloging agency | KABU |
| Transcribing agency | KABU |
| 245 10 - TITLE STATEMENT | |
| Title | Philosophy of biology / |
| Statement of responsibility, etc. | ed. by Michael Ruse. |
| 260 ## - PUBLICATION, DISTRIBUTION, ETC. (IMPRINT) | |
| Place of publication, distribution, etc. | New York : |
| Name of publisher, distributor, etc. | Prometheus Books, |
| Date of publication, distribution, etc. | 1998. |
| 300 ## - PHYSICAL DESCRIPTION | |
| Extent | ix, 370 p. |
| 650 #0 - SUBJECT ADDED ENTRY--TOPICAL TERM | |
| Topical term or geographic name as entry element | Biology |
| General subdivision | Philosophy. |
| -- | 0000155255 |
| 700 1# - ADDED ENTRY--PERSONAL NAME | |
| Personal name | Ruse, Michael. |
| -- | 0000157883 |
| 908 ## - PUT COMMAND PARAMETER (RLIN) | |
| Put command parameter | 071024 |
| 950 ## - LOCAL HOLDINGS (RLIN) | |
| -- | 1 |
| Withdrawn status | Lost status | Source of classification or shelving scheme | Not for loan | Home library | Current library | Date acquired | Total Checkouts | Full call number | Barcode | Date last seen | Price effective from | Koha item type |
|---|---|---|---|---|---|---|---|---|---|---|---|---|
| Library of Congress Classification | Kabarak, Main Campus | Kabarak, Main Campus | 17/12/2015 | QH331 .P45 | 010811 | 17/12/2015 | 17/12/2015 | General Collection |